• 首页
  • 本馆介绍
  • 公告通知
  • 最新文献
  • 馆藏检索
  • 电子资源
  • 读者导购
  • 参考咨询
  • 我的图书馆
  • 登录
  • 详细信息显示
  • 放入我的书架
  • 预约/预借图书
  • 作者相关作品
  • 分类相关作品
  • 丛书相关作品
  • 出版社相关作品

书目信息

  • 表格格式
  • 工作单格式
  • 卡片格式
题名:
曹雪芹
    
 
作者: 端木蕻良 , 钟耀群 著
分册: 中卷  
出版信息: 北京   北京出版社  1985
页数: 393~1001页
开本: 19cm
丛书名:
单 册:
中图分类: I247.43 , I242.4
科图分类:
主题词: 章回小说--中国--现代 , 长篇小说--中国--清代
电子资源:
ISBN:
000 00808nam0 2200277 45
001 1561418499
005 20150124171022.81
010    @dCNY3.10
091    @aCN@b10071.558
100    @a19901105d1985 em y0chiy0121 ea
101 0  @achi
102    @aCN@b110000
105    @af z 000ay
200 10 @a曹雪芹@Acao xue qin@e长篇小说@h中卷@f端木蕻良, 钟耀群著
210    @a北京@c北京出版社@d1985
215    @a393~1001页@c图@d19cm
304    @a端木蕻良(1912~), 原名曹京平, 曾用笔名黄叶、罗旋等,现代著名作家
606    @a章回小说@y中国@z现代
606    @a长篇小说@y中国@z清代
690    @aI247.43@v3
690    @aI242.4@v4
701  0 @a端木蕻良@Aduan mu hong liang@4著
701  0 @a钟耀群@Azhong yao qun@4著
801  0 @aCN@bTSSF@c20150124
801  2 @aCN@bNLC
905    @aZUCC@dI242.4@eJY45:2
    
    曹雪芹:长篇小说.中卷/端木蕻良, 钟耀群著.-北京:北京出版社,1985
    393~1001页:图;19cm
    
    
    ISBN :CNY3.10
    
●
相关链接 在E读中查询图书 在五车中查询图书 在当当中查询图书 在豆瓣中查询图书


正题名:曹雪芹     索取号:I242.4/JY45:2         预约/预借

序号 登录号 条形码 馆藏地/架位号 状态 备注
1 7842289   278422896   学院路分馆/ [索取号:I242.4/JY45:2] 在馆    
2 7842324   278423243   学院路分馆/ [索取号:I242.4/JY45:2] 在馆    
唐山师范学院图书馆 欢迎您!
大连网信软件有限公司© 版权所有